| 000 | 00788nam a2200253Ia 4500 | ||
|---|---|---|---|
| 003 | GCL | ||
| 005 | 20240530103005.0 | ||
| 008 | 140319s9999 xx 000 0 ara d | ||
| 040 |
_aGCL / _cGCL |
||
| 082 | 0 | 4 |
_a321.4 _bع ت |
| 100 | 1 | _aليلى عبدالمجيد | |
| 245 | 1 | 0 |
_aتجربة الديمقراطية فى مصر 1981-1970 / _cليلى عبدالمجيد |
| 260 |
_a[S.N] : _bمكتبة نهضة الشرق ، _c1985 |
||
| 300 | _a99 ص | ||
| 650 | 0 | 4 | _aمصر |
| 650 | 0 | 4 | _aالاحوال السياسية |
| 650 | 0 | 4 | _aالديمقراطية |
| 650 | 0 | 4 | _aحسنى مبارك |
| 650 | 0 | 4 | _aالاحزاب السياسية |
| 700 | 1 | _aعلى الدين هلال | |
| 700 | 1 | _aمصطفى كامل | |
| 700 | 1 | _aاكرام بدرالدين | |
| 942 |
_2ddc _cBK |
||
| 999 |
_c35940 _d35940 |
||